ABC's of the human mind (Record no. 1697)

000 -LEADER
fixed length control field 00916nam a22002897a 4500
001 - CONTROL NUMBER
control field 2454482
003 - CONTROL NUMBER IDENTIFIER
control field OSt
005 - DATE AND TIME OF LATEST TRANSACTION
control field 20210421080425.0
008 - FIXED-LENGTH DATA ELEMENTS--GENERAL INFORMATION
fixed length control field 890913s1990 nyua 001 0 eng
010 ## - LIBRARY OF CONGRESS CONTROL NUMBER
LC control number 89036711
020 ## - INTERNATIONAL STANDARD BOOK NUMBER
International Standard Book Number 0895773457
040 ## - CATALOGING SOURCE
Original cataloging agency DLC
Transcribing agency DLC
Modifying agency DLC
Language of cataloging eng
041 ## - LANGUAGE CODE
Language code of text/sound track or separate title eng
050 00 - LIBRARY OF CONGRESS CALL NUMBER
Classification number BF145
Item number .A23 1990
080 ## - UNIVERSAL DECIMAL CLASSIFICATION NUMBER
Universal Decimal Classification number 15
Item number G-94
082 00 - DEWEY DECIMAL CLASSIFICATION NUMBER
Classification number 150
Edition number 20
100 ## - MAIN ENTRY--PERSONAL NAME
9 (RLIN) 1110
Personal name Guinness, E. Alma
Relator term Editor
245 00 - TITLE STATEMENT
Title ABC's of the human mind
Remainder of title a family answer book.
Statement of responsibility, etc. / by: Reader's Digest Association
260 ## - PUBLICATION, DISTRIBUTION, ETC.
Place of publication, distribution, etc. Pleasantville, N.Y.
Name of publisher, distributor, etc. Reader's Digest Association
Date of publication, distribution, etc. c1990.
300 ## - PHYSICAL DESCRIPTION
Extent 336 p.
Other physical details ill. (some col.) ;
Dimensions 29 cm.
365 ## - TRADE PRICE
Price amount 23.97 usd
650 #0 - SUBJECT ADDED ENTRY--TOPICAL TERM
Topical term or geographic name entry element Psychology
General subdivision Miscellanea.
653 ## - INDEX TERM--UNCONTROLLED
Uncontrolled term ფსიქოლოგია
906 ## - LOCAL DATA ELEMENT F, LDF (RLIN)
a 7
b cbc
c orignew
d 1
e ocip
f 19
g y-gencatlg
942 ## - ADDED ENTRY ELEMENTS (KOHA)
Source of classification or shelving scheme
Koha item type Books
Holdings
Withdrawn status Lost status Source of classification or shelving scheme Damaged status Not for loan Permanent location Current location Date acquired Inventory number Total Checkouts Full call number Barcode Date last seen Price effective from Koha item type
          Ken Walker International University Ken Walker International University 02/24/2021 1519   15 G-94 1519 02/24/2021 02/24/2021 Books

Powered by Koha